Culture Générale - Série 2286 - Statistiques

Statistiques générales
  • Ce quiz a été pris 126 fois
  • Le résultat moyen est 6 sur 10
Statistiques - réponses
Question Réponse % Correct
Dans quel sport s'est illustrée Steffi Graf ? voir photo tennis
97%
Quel animal est un ortolan ? oiseau
82%
Jeanne Antoinette Poisson était "La marquise de .... Pompadour
73%
Dans quelle ville est né la marionnette Guignol ? Lyon
71%
Dans quel pays se situe l'état de Goa ? Inde
45%
Comment appelle-t-on un petit groupe constitué de membres de la franc-maçonnerie ? loge
44%
De quelle région française est originaire le fromage de brebis appelé "brin d'amour" ou "fleur du maquis" ? Corse
40%
Dans quel archipel est situé le département de Mayotte ? Comores
39%
En quelle année est né officiellement le tournoi de tennis de Roland Garros ? 1925
35%
Bulle dans laquelle est écrit ce que dit, pense, ressent un personnage de bande dessinée. phylactère
30%
Aucun quiz correspondant
Distribution des résultats
% des personnes avec chaque résultat
Percentile par nombre de réponses
Votre historique - résultats
Vous n’avez pas pris ce quiz